000 00308nam a2200145Ia 4500
003 OSt
005 20231116065104.0
008 170524s9999 xx 000 0 und d
020 _a0-7548-0403-8
040 _cIIMT
100 _aIngram
245 0 _aRice& Risotto
260 _bLoreng books
942 _2ddc
_c02
999 _c7181
_d7181